000 00746nam a2200241 a 4500
001 BRCA_7542
005 20190320205859.0
008 300513s1953----sp-a######---#000-0#spa-#
041 _aspa
044 _asp
050 4 _aND813.S6
_b.P36 1953
100 1 _aPantorba, Bernardino de
_911923
245 1 0 _aLa vida y obra de Joaquín Sorolla
_bestudio biográfico y crítico
_cBernardino de Pantorba.
260 _aMadrid
_bMayfe
_c1953
300 _a216 p.
_bil. (algunas a color), 225 láminas
_c30 cm.
500 _aEjemplar numerado 797 de 2,000
500 _aS13
600 1 4 _aSorolla y Bastida, Joaquín
_d1863-1923
_97831
650 1 4 _aPintores españoles
_97620
650 1 4 _aPinturas españolas
_97789
902 _aGFM
942 _2lcc
_cB
999 _c7216
_d7216